Statistiques concernant Drapeau Pays d’Afrique Centrale

Cliquez ici pour prendre le quiz!

Statistiques générales

  • Ce quiz a été pris 35 fois
  • Le résultat moyen est 7 sur 8

Statistiques - réponses

Réponse% Correct
Cameroun
94%
République Démocratique du Congo
94%
Tchad
94%
Gabon
88%
République Centrafricaine
84%
Guinée Équatoriale
75%
République du Congo
75%
Sao Tome-Et-Principe
66%

Distribution des résultats

Percentile par nombre de réponses

% des personnes avec chaque résultat

Votre développement - résultats

Vous n’avez pas pris ce quiz